Business listening tasks : guide for teachers and self-study
Αποθηκεύτηκε σε:
| Κύριος συγγραφέας: | |
|---|---|
| Άλλοι συγγραφείς: | |
| Μορφή: | Βιβλίο |
| Γλώσσα: | English |
| Δημοσίευση: |
New York, New Rochelle :
Cambridge university press,
1986
|
| Σειρά: | Cambridge professional English
|
| Θέματα: | |
| Ετικέτες: |
Προσθήκη ετικέτας
Δεν υπάρχουν, Καταχωρήστε ετικέτα πρώτοι!
|
MARC
| LEADER | 00000nam a2200000 i 4500 | ||
|---|---|---|---|
| 001 | 1/23464 | ||
| 008 | 960712s1986 eng d | ||
| 020 | |z 0-521-27327-9 | ||
| 035 | |l 10022092 | ||
| 040 | |a GR-MY-UA |b gre |e aacr | ||
| 041 | 0 | |a eng | |
| 082 | 0 | |a 428.202465 | |
| 100 | 1 | |a Hanks, Patrick. | |
| 245 | 1 | 0 | |a Business listening tasks : |b guide for teachers and self-study / |c Patrick Hanks, Jim Corbett |
| 260 | |a New York, New Rochelle : |b Cambridge university press, |c 1986 | ||
| 300 | |a 172 p. | ||
| 490 | 1 | |a Cambridge professional English | |
| 650 | 0 | 0 | |a English language |x Business English. |
| 650 | 0 | 0 | |a Listening. |
| 700 | 1 | |a Corbett, Jim. | |
| 830 | 0 | |a Cambridge professional English | |
| 852 | |a INST |b CHIOS |e 19960712 |h 428.202465 HAN |p 005200002044 |q 005200002044 |t BK |y 0 | ||
| 909 | |a Χ |b 016960 | ||